| 000 | 00800nam a2200217 a 4500 | ||
|---|---|---|---|
| 001 | 000028474 | ||
| 003 | AM-YEHGA | ||
| 005 | 20250618070919.0 | ||
| 008 | 990120s1959 ai |||||||||||||||||arm|d | ||
| 040 | _aAM-YeHGA | ||
| 041 | 1 |
_aarm _hrus |
|
| 100 | 1 | _aԵմելյանով, Բորիս Ալեքսանդրի. | |
| 245 | 1 | 0 |
_aՊատմվածքներ Գայդարի մասին / _cԲ. Եմելյանով ; Թարգմ.՝ Ա. Շահինյան. |
| 260 |
_aԵրևան : _bՀայպետհրատ, _c1959. |
||
| 300 |
_a153 էջ : _bնկ. ; _c21 սմ. |
||
| 600 | 1 | 4 |
_aԳայդար, Արկադի _98565 |
| 650 | 1 | 4 |
_aՌուս գրականություն _xՊատմվածք _94645 |
| 700 | 1 |
_aՇահինյան, Ազատ Նիկոլայի, _d1928-2002 _eթարգմ. _4trl _91284 |
|
| 942 |
_2udc _cBK |
||
| 090 | _c12661 | ||
| 999 |
_c12564 _d12564 |
||